Townships of Indiana - Statistics

General Stats
  • This quiz has been taken 4 times
  • The average score is 26 of 420
Answer Stats
Number of Occurrences Township % Correct
6 Warren
75%
46 Washington
75%
6 Brown
50%
1 Calumet
50%
25 Center
50%
17 Clay
50%
1 Decatur
50%
17 Franklin
50%
28 Jefferson
50%
1 Lawrence
50%
5 Lincoln
50%
16 Monroe
50%
3 Morgan
50%
2 North
50%
4 Owen
50%
14 Perry
50%
16 Wayne
50%
1 West
50%
10 Adams
25%
2 Allen
25%
1 Bean Blossom
25%
1 Black
25%
1 Bloomington
25%
1 Boon
25%
6 Boone
25%
8 Cass
25%
5 Columbia
25%
1 Columbus
25%
3 Delaware
25%
1 Eagle
25%
1 Eagle Creek
25%
1 Eden
25%
1 Eel
25%
2 Eel River
25%
8 Green
25%
3 Greene
25%
1 Guilford
25%
3 Hamilton
25%
1 Harris
25%
24 Harrison
25%
1 Hendricks
25%
3 Howard
25%
1 Huntington
25%
47 Jackson
25%
1 Jeffersonville
25%
8 Johnson
25%
1 Kent
25%
1 Knox
25%
4 Lafayette
25%
3 Lake
25%
18 Liberty
25%
1 Linton
25%
1 Lost River
25%
14 Madison
25%
12 Marion
25%
1 Miami
25%
2 Michigan
25%
1 Middle
25%
3 Montgomery
25%
1 Mount Pleasant
25%
1 New Albany
25%
1 Newton
25%
4 Ohio
25%
3 Orange
25%
4 Pike
25%
4 Polk
25%
2 Portage
25%
1 Porter
25%
7 Posey
25%
2 Ray
25%
1 Rushville
25%
3 Salem
25%
3 Spencer
25%
1 St. John
25%
1 St. Joseph
25%
1 St. Marys
25%
7 Sugar Creek
25%
5 Tippecanoe
25%
11 Van Buren
25%
1 Vermillion
25%
4 Vernon
25%
1 Vigo
25%
6 Wabash
25%
4 White River
25%
1 Abington
0%
1 Aboite
0%
1 Addison
0%
1 Albion
0%
4 Anderson
0%
1 Armstrong
0%
1 Ashland
0%
1 Aubbeenaubbee
0%
1 Bainbridge
0%
1 Baker
0%
1 Barkley
0%
1 Barr
0%
1 Barton
0%
1 Bath
0%
1 Baugo
0%
1 Bearcreek
0%
2 Beaver
0%
1 Beech Creek
0%
2 Benton
0%
1 Bethel
0%
2 Bethlehem
0%
1 Big Creek
0%
1 Bigger
0%
1 Bloomfield
0%
1 Blooming Grove
0%
1 Blue Creek
0%
4 Blue River
0%
1 Bogard
0%
1 Bolivar
0%
1 Bono
0%
1 Boston
0%
1 Bourbon
0%
2 Brandywine
0%
1 Brazil
0%
1 Brookville
0%
1 Brownstown
0%
1 Brownsville
0%
1 Buck Creek
0%
1 Burlington
0%
1 Busseron
0%
3 Butler
0%
1 Caeser Creek
0%
1 Cain
0%
1 California
0%
2 Campbell
0%
1 Carpenter
0%
2 Carr
0%
1 Carrollton
0%
1 Carter
0%
2 Cedar Creek
0%
1 Centre
0%
1 Charlestown
0%
2 Chester
0%
1 Cicero
0%
3 Clark
0%
2 Clear Creek
0%
1 Clear Lake
0%
1 Clearspring
0%
2 Cleveland
0%
1 Clifty
0%
7 Clinton
0%
1 Cloverdale
0%
1 Coal Creek
0%
1 Colfax
0%
2 Concord
0%
1 Connersville
0%
1 Coolspring
0%
1 Cotton
0%
1 Craig
0%
1 Curry
0%
1 Dallas
0%
1 Dalton
0%
2 Davis
0%
1 Decker
0%
3 Deer Creek
0%
1 Democrat
0%
1 Dewey
0%
1 Dick Johnson
0%
1 Driftwood
0%
1 Duck Creek
0%
1 Dudley
0%
2 Elkhart
0%
1 Elmore
0%
1 Erie
0%
1 Ervin
0%
1 Etna
0%
1 Etna-Troy
0%
1 Eugene
0%
1 Fairbanks
0%
3 Fairfield
0%
1 Fairmount
0%
1 Fairplay
0%
1 Fairview
0%
3 Fall Creek
0%
1 Fayette
0%
1 Ferdinand
0%
1 Finley
0%
1 Flat Rock
0%
1 Florida
0%
1 Floyd
0%
1 Forest
0%
1 Fremont
0%
1 French
0%
1 French Lick
0%
1 Fugit
0%
1 Fulton
0%
1 Galena
0%
1 Geneva
0%
1 Georgetown
0%
4 German
0%
1 Gibson
0%
1 Gilboa
0%
1 Gill
0%
1 Gillam
0%
1 Graham
0%
4 Grant
0%
1 Grass
0%
1 Grassy Fork
0%
1 Greencastle
0%
2 Greenfield
0%
1 Greensboro
0%
1 Greensfork
0%
1 Greenville
0%
1 Greer
0%
1 Gregg
0%
1 Guthrie
0%
1 Haddon
0%
1 Halbert
0%
1 Hall
0%
1 Hamblen
0%
1 Hammond
0%
1 Hanging Grove
0%
1 Hanna
0%
3 Hanover
0%
1 Harbison
0%
2 Harmony
0%
1 Hart
0%
1 Hartford
0%
1 Haw Creek
0%
1 Helt
0%
2 Henry
0%
1 Hensley
0%
1 Heth
0%
1 Hickory Grove
0%
3 Highland
0%
1 Hobart
0%
1 Hogan
0%
3 Honey Creek
0%
1 Hudson
0%
1 Huff
0%
3 Indian Creek
0%
1 Iroquois
0%
1 Jamestown
0%
4 Jennings
0%
2 Jordan
0%
2 Kankakee
0%
1 Keener
0%
1 Kelso
0%
1 Keyser
0%
1 Kirkland
0%
1 Kirklin
0%
1 Knight
0%
1 Lagro
0%
3 Lancaster
0%
1 Lane
0%
1 Laughery
0%
1 Lauramie
0%
1 Laurel
0%
1 Lawrenceburg
0%
1 Leopold
0%
1 Lewis
0%
1 Lexington
0%
1 Licking
0%
1 Lima
0%
1 Locke
0%
1 Lockhart
0%
3 Logan
0%
1 Lost Creek
0%
1 Lovett
0%
1 Luce
0%
1 Lynn
0%
1 Manchester
0%
1 Marrs
0%
1 Marshall
0%
1 Maumee
0%
1 McClellan
0%
1 Medina
0%
1 Metamora
0%
1 Middlebury
0%
1 Milan
0%
1 Milford
0%
1 Mill
0%
1 Millcreek
0%
1 Miller
0%
1 Millgrove
0%
1 Milroy
0%
1 Milton
0%
1 Mitcheltree
0%
1 Monon
0%
1 Moral
0%
1 Mound
0%
1 Needham
0%
1 Nevins
0%
1 Newbury
0%
1 Newcastle
0%
1 New Durham
0%
1 New Garden
0%
1 Newville
0%
1 Niles
0%
1 Nineveh
0%
7 Noble
0%
1 Noblesville
0%
1 North Bend
0%
1 Northeast
0%
1 Northwest
0%
1 Nottingham
0%
1 Oak Grove
0%
1 Oil
0%
2 Olive
0%
1 Orangeville
0%
2 Oregon
0%
1 Orleans
0%
1 Osolo
0%
1 Otsego
0%
2 Otter Creek
0%
1 Palmyra
0%
1 Paoli
0%
1 Parish Grove
0%
4 Patoka
0%
1 Paw Paw
0%
3 Penn
0%
1 Pershing
0%
1 Peru
0%
1 Pierce
0%
1 Pierson
0%
2 Pigeon
0%
3 Pine
0%
2 Pipe Creek
0%
1 Plain
0%
8 Pleasant
0%
1 Pleasant Run
0%
1 Point
0%
6 Prairie
0%
1 Prairie Creek
0%
1 Prairieton
0%
1 Preble
0%
1 Princeton
0%
1 Raccoon
0%
1 Railroad
0%
2 Randolph
0%
1 Redding
0%
1 Reeve
0%
1 Republican
0%
1 Reserve
0%
1 Rich Grove
0%
13 Richland
0%
1 Riley
0%
2 Ripley
0%
1 Robb
0%
1 Robinson
0%
1 Rochester
0%
3 Rock Creek
0%
1 Rockcreek
0%
1 Root
0%
2 Ross
0%
1 Round Grove
0%
1 Russell
0%
1 Rutherford
0%
1 Salamonie
0%
4 Salt Creek
0%
1 Saluda
0%
3 Sand Creek
0%
2 Scipio
0%
4 Scott
0%
1 Seward
0%
1 Shawnee
0%
1 Shawswick
0%
1 Sheffield
0%
4 Shelby
0%
1 Silver Creek
0%
1 Sims
0%
1 Skelton
0%
3 Smith
0%
1 Smithfield
0%
1 Smyrna
0%
1 Southeast
0%
2 Sparta
0%
1 Spiceland
0%
1 Spice Valley
0%
4 Springfield
0%
2 Stafford
0%
1 Stampers Creek
0%
1 Steele
0%
1 Steen
0%
1 Sterling
0%
2 Steuben
0%
1 Stockton
0%
2 Stoney Creek
0%
1 Stony Creek
0%
1 Sugar Ridge
0%
1 Swan
0%
4 Taylor
0%
1 Thorncreek
0%
1 Tipton
0%
1 Tobin
0%
3 Troy
0%
1 Turkey Creek
0%
1 Turman
0%
35 Union
0%
1 Utica
0%
1 Veale
0%
1 Vienna
0%
1 Vincennes
0%
2 Walker
0%
2 Walnut
0%
1 Waltz
0%
1 Ward
0%
1 Waterloo
0%
1 Wea
0%
2 Webster
0%
1 Westchester
0%
1 West Creek
0%
1 West Point
0%
1 Wheatfield
0%
1 Whiskey Run
0%
1 White Post
0%
1 Whitewater
0%
1 Widner
0%
1 Wildcat
0%
1 Wills
0%
1 Wilmington
0%
1 Winfield
0%
1 Wood
0%
1 Worth
0%
1 Wright
0%
6 York
0%
No matching quizzes found
Score Distribution
Percent of People with Each Score
Percentile by Number Answered
Your Score History
You have not taken this quiz